Silane-rubber coupling in sulfur, peroxide and metal oxide curing systems (Record no. 68692)

MARC details
000 -LEADER
fixed length control field 00412nam a2200145Ia 4500
100 ## - MAIN ENTRY--AUTHOR NAME
Personal name Taikum Orawan
245 #0 - TITLE STATEMENT
Title Silane-rubber coupling in sulfur, peroxide and metal oxide curing systems
260 ## - PUBLICATION, DISTRIBUTION, ETC. (IMPRINT)
Name of publisher Rubber World
Year of publication 2004
300 ## - PHYSICAL DESCRIPTION
Number of Pages 30-39
650 ## - SUBJECT ADDED ENTRY--TOPICAL TERM
Topical Term Curing system
650 ## - SUBJECT ADDED ENTRY--TOPICAL TERM
Topical Term Silane-rubber coupling
700 ## - ADDED ENTRY--PERSONAL NAME
Personal name Luginsland Hans-Detlef
942 ## - ADDED ENTRY ELEMENTS (KOHA)
Koha item type Journals
Holdings
Withdrawn status Lost status Damaged status Not for loan Home library Current library Shelving location Date acquired Serial Enumeration / chronology Koha item type
      Journals RRII Library RRII Library Rubber chemistry 17/12/2021 Volume 230, Issue 5 Journals